| 000 | 00776nam a2200277Ia 4500 | ||
|---|---|---|---|
| 001 | UByD000261 | ||
| 003 | AR-LpoUNG | ||
| 005 | 20230102113826.0 | ||
| 008 | 220326s2014||||ag |||||||||||||| ||spa|d | ||
| 020 | _a9789505633562 | ||
| 040 |
_aAR-LpoUNG _bspa _cAR-LpoUNG _eaacr |
||
| 041 | _aspa | ||
| 082 | 0 | _aA863 643bes | |
| 100 | 1 | _aGonzález, Horacio | |
| 245 | 1 | 0 | _aBesar a la muerta |
| 250 | _a1ra. ed. | ||
| 260 |
_aBuenos Aires : _bColihue, _c2014. |
||
| 300 | _a192 p. | ||
| 590 |
_bEjemplar 00067618, p. 110-11, contiene: _a fragmento de papel con instrucciones manuscritas sobre toma de remedios. |
||
| 650 | 4 | _aLITERATURA | |
| 650 | 4 | _aNOVELAS | |
| 650 | 4 | _aARGENTINA | |
| 700 | 1 |
_aLópez, María Pía _epról. |
|
| 905 | _aCJPM851 | ||
| 942 |
_cLIB _2ddc |
||
| 999 |
_c62984 _d62984 |
||